[Event "SVK-chT2B 1819"]
[Site "Slovakia"]
[Date "2018.11.17"]
[Round "3.4"]
[White "Beres, Dominik"]
[Black "Bottyan, Peter"]
[Result "0-1"]
[WhiteElo "2009"]
[BlackElo "2187"]
[PlyCount "64"]
[EventDate "2018.10.13"]
[EventType "team-tourn"]
[EventRounds "11"]
[EventCountry "SVK"]
[SourceTitle "CBM 187 Extra"]
[Source "ChessBase"]
[SourceDate "2018.11.04"]
[SourceVersion "1"]
[SourceVersionDate "2018.11.04"]
[SourceQuality "1"]
[WhiteTeam "Tlmace"]
[BlackTeam "Komarno II"]
[WhiteTeamCountry "SVK"]
[BlackTeamCountry "SVK"]

1. e4 c5 2. c4 Nc6 3. g3 g6 4. Ne2 Bg7 5. Bg2 e6 6. Nbc3 Nge7 7. d3 d6 8. 0-0 Nd4 9. Nxd4 cxd4 10. Ne2 Nc6 11. a3 a5 12. b3 0-0 13. Bd2 e5 14. b4 Qe7 15. Qe1 Qc7 16. f4 f5 17. Rb1 axb4 18. axb4 fxe4 19. Bxe4 Bh3 20. Rf2 Ne7 21. Qc1 Bf5 22. Bxf5 Nxf5 23. b5 b6 24. Bb4 Rfc8 25. Qf1 Re8 26. Qg2 e4 27. dxe4 Ne3 28. Qf3 Qxc4 29. Bxd6 Qc2 30. Rbf1 Qxe4 31. Qxe4 Rxe4 32. Rd1 Nxd1 0-1

[Event "HUN-chT2 Breyer 1617"]
[Site "Hungary"]
[Date "2017.02.26"]
[Round "7.6"]
[White "Domany, Zsofia"]
[Black "Bottyan, Peter"]
[Result "1-0"]
[WhiteElo "2159"]
[BlackElo "2217"]
[PlyCount "93"]
[EventDate "2016.10.30"]
[EventType "team-tourn"]
[EventRounds "9"]
[EventCountry "HUN"]
[SourceTitle "EXT 2021"]
[Source "ChessBase"]
[SourceDate "2020.10.23"]
[SourceVersion "1"]
[SourceVersionDate "2020.10.23"]
[SourceQuality "1"]
[WhiteTeam "Kisber Aszar"]
[BlackTeam "Naszaly Geniusz Tata"]
[WhiteTeamCountry "HUN"]
[BlackTeamCountry "HUN"]

1. e4 e6 2. d4 d5 3. Nc3 Bb4 4. exd5 exd5 5. Bd3 Nc6 6. a3 Be7 7. Nge2 Bg4 8. Be3 Qd7 9. 0-0 Nf6 10. f3 Bf5 11. Ng3 Be6 12. b4 h5 13. Nce2 h4 14. Nh1 Bd6 15. c3 Ne7 16. Qd2 Nf5 17. Bf4 Nh5 18. Bxd6 Qxd6 19. Qg5 Qe7 20. Qd2 g5 21. Rae1 Nd6 22. Nf2 f5 23. Nh3 Rg8 24. Nc1 0-0-0 25. Nb3 Qf6 26. Nc5 Bf7 27. Re5 Nc4 28. Qe2 Rde8 29. Re1 Nxe5 30. dxe5 Qg6 31. e6 Bxe6 32. Nxe6 Ng7 33. Nhxg5 Nxe6 34. Nxe6 Qf6 35. Qe5 Qxe5 36. Rxe5 h3 37. g3 f4 38. Bf5 Kb8 39. g4 c6 40. Kf2 b6 41. Re2 Kb7 42. Nxf4 Ref8 43. Re7+ Kb8 44. Nxh3 Rf6 45. Re6 Rxe6 46. Bxe6 Rh8 47. g5 1-0

[Event "SVK-chT2B 1617"]
[Site "Slovakia"]
[Date "2016.12.03"]
[Round "5.4"]
[White "Torotto, Antal"]
[Black "Bottyan, Peter"]
[Result "1/2-1/2"]
[WhiteElo "2015"]
[BlackElo "2202"]
[PlyCount "28"]
[EventDate "2016.10.08"]
[EventType "team-tourn"]
[EventRounds "11"]
[EventCountry "SVK"]
[SourceTitle "EXT 2018"]
[Source "ChessBase"]
[SourceDate "2017.10.13"]
[SourceVersion "1"]
[SourceVersionDate "2017.10.13"]
[SourceQuality "1"]
[WhiteTeam "Batorove Kosihy"]
[BlackTeam "Komarno"]
[WhiteTeamCountry "SVK"]
[BlackTeamCountry "SVK"]

1. d4 Nf6 2. Nf3 g6 3. b3 Bg7 4. Bb2 0-0 5. Nbd2 d5 6. e3 Bf5 7. Bd3 Bxd3 8. cxd3 Nbd7 9. 0-0 c5 10. dxc5 Nxc5 11. Ne5 Rc8 12. b4 Ne6 13. Ndf3 Qd6 14. Qb3 Nd7 1/2-1/2

[Event "HUN-chT2 Breyer 1617"]
[Site "Hungary"]
[Date "2016.11.13"]
[Round "2.5"]
[White "Bottyan, Peter"]
[Black "Ikanov, Imre"]
[Result "1-0"]
[WhiteElo "2217"]
[BlackElo "2028"]
[PlyCount "79"]
[EventDate "2016.10.30"]
[EventType "team-tourn"]
[EventRounds "9"]
[EventCountry "HUN"]
[SourceTitle "EXT 2021"]
[Source "ChessBase"]
[SourceDate "2020.10.23"]
[SourceVersion "1"]
[SourceVersionDate "2020.10.23"]
[SourceQuality "1"]
[WhiteTeam "Naszaly Geniusz Tata"]
[BlackTeam "Nyergesujfalu"]
[WhiteTeamCountry "HUN"]
[BlackTeamCountry "HUN"]

1. d4 Nf6 2. Bg5 e6 3. Nd2 Be7 4. e3 d5 5. Bd3 c5 6. c3 cxd4 7. exd4 Nc6 8. Ngf3 Qc7 9. Qe2 a6 10. 0-0 b5 11. Ne5 Nd7 12. Bxe7 Ndxe5 13. Ba3 Nxd3 14. Qxd3 Ne7 15. f4 0-0 16. Rae1 Re8 17. Bxe7 Rxe7 18. Nb3 g6 19. Nc5 Bb7 20. Re5 Rae8 21. Rfe1 Bc8 22. Qf3 Qd6 23. Nd3 a5 24. a3 Ba6 25. b4 a4 26. Qg3 f6 27. R5e3 Bc8 28. Qh4 Kg7 29. Rh3 h5 30. Rg3 Rh8 31. Ree3 Rh6 32. Rh3 Qc7 33. Nf2 e5 34. fxe5 fxe5 35. Rhf3 Bf5 36. Qg5 Qd7 37. Rxf5 Qxf5 38. Qxe7+ Kg8 39. Qe8+ Kg7 40. Rxe5 1-0

[Event "HUN-chT2 Breyer 1314"]
[Site "Hungary"]
[Date "2014.04.13"]
[Round "8"]
[White "Bottyan, Peter"]
[Black "Mincsovics, Miklos"]
[Result "0-1"]
[WhiteElo "2241"]
[BlackElo "2228"]
[PlyCount "100"]
[EventDate "2013.09.08"]
[EventType "team-tourn"]
[EventRounds "9"]
[EventCountry "HUN"]
[SourceTitle "EXT 2016"]
[Source "ChessBase"]
[SourceDate "2015.10.08"]
[SourceVersion "1"]
[SourceVersionDate "2015.10.08"]
[SourceQuality "1"]
[WhiteTeam "Kisber Aszar"]
[BlackTeam "Biatorbagy"]
[WhiteTeamCountry "HUN"]
[BlackTeamCountry "HUN"]

1. g3 Nc6 2. d4 e5 3. d5 Nce7 4. c4 Nf5 5. a3 Bc5 6. Bg2 a5 7. Nc3 d6 8. Ne4 Bb6 9. Bg5 Nfe7 10. c5 Ba7 11. cxd6 cxd6 12. Qa4+ Kf8 13. Qb3 f5 14. Nc3 h6 15. Be3 Bxe3 16. fxe3 Nf6 17. e4 g6 18. h3 Nh5 19. exf5 gxf5 20. g4 Nf4 21. Bf3 e4 22. Nxe4 fxe4 23. Bxe4 Nfg6 24. Nf3 a4 25. Qd3 Qa5+ 26. Nd2 Ne5 27. Qe3 Kg7 28. Rf1 Bd7 29. g5 h5 30. Rf6 Qc5 31. Qxc5 dxc5 32. d6 N7c6 33. 0-0-0 Raf8 34. Rdf1 Bxh3 35. Rh1 Bg4 36. Bxc6 Nxc6 37. Ne4 Nd4 38. e3 Bf3 39. Rh4 Nb3+ 40. Kc2 b5 41. d7 Bg4 42. Rxg4 hxg4 43. Nd6 Rh2+ 44. Kc3 Rd8 45. Nf5+ Kg8 46. Ne7+ Kg7 47. Nf5+ Kh8 48. g6 Rd2 49. Rf7 R2xd7 50. g7+ Kh7 0-1

[Event "HUN-chT2 Breyer 1314"]
[Site "Hungary"]
[Date "2013.10.20"]
[Round "3.3"]
[White "Meixner, Ferenc"]
[Black "Bottyan, Peter"]
[Result "1/2-1/2"]
[WhiteElo "2094"]
[BlackElo "2241"]
[PlyCount "118"]
[EventDate "2013.09.08"]
[EventType "team-tourn"]
[EventRounds "9"]
[EventCountry "HUN"]
[SourceTitle "EXT 2016"]
[Source "ChessBase"]
[SourceDate "2015.10.08"]
[SourceVersion "1"]
[SourceVersionDate "2015.10.08"]
[SourceQuality "1"]
[WhiteTeam "Tatabanya Turul"]
[BlackTeam "Kisber Aszar"]
[WhiteTeamCountry "HUN"]
[BlackTeamCountry "HUN"]

1. e4 e6 2. Nf3 d5 3. e5 c5 4. b4 cxb4 5. d4 Nc6 6. a3 Nh6 7. axb4 Nxb4 8. c3 Nc6 9. Bxh6 gxh6 10. Bd3 Bg7 11. 0-0 f6 12. Re1 f5 13. Nbd2 0-0 14. Qb3 b6 15. c4 Na5 16. Qb4 Ba6 17. Bf1 Bxc4 18. Nxc4 Nxc4 19. Bxc4 dxc4 20. Qxc4 Qd7 21. Ra6 Rfc8 22. Qa2 Bf8 23. Qd2 Qd5 24. Rea1 Rc7 25. h3 b5 26. Kh2 b4 27. R6a5 Qc4 28. d5 exd5 29. Rxd5 Qc3 30. Qd1 Qc2 31. Qf1 Qc4 32. Qxc4 Rxc4 33. Nd4 Rc5 34. Rd7 Rxe5 35. Raxa7 Rxa7 36. Rxa7 Bd6 37. f4 Rd5 38. Ne6 Rb5 39. Rg7+ Kh8 40. Rd7 Bxf4+ 41. Nxf4 b3 42. Rd1 b2 43. Rb1 Kg7 44. Kg3 Kf6 45. Kf3 Rb3+ 46. Kf2 Ke5 47. g3 Kd4 48. Ng2 h5 49. h4 Kd3 50. Ne3 Kd2 51. Nc4+ Kc2 52. Rxb2+ Rxb2 53. Nxb2 Kxb2 54. Ke3 Kc3 55. Kf4 Kd3 56. Kxf5 Ke3 57. Kg5 Kf3 58. Kxh5 Kxg3 59. Kg5 h6+ 1/2-1/2

[Event "SVK-chT1W 1213"]
[Site "Slovakia"]
[Date "2013.03.23"]
[Round "10.4"]
[White "Bottyan, Peter"]
[Black "Vrbova, Niki"]
[Result "0-1"]
[WhiteElo "2262"]
[BlackElo "2200"]
[PlyCount "60"]
[EventDate "2012.10.20"]
[EventType "team-tourn"]
[EventRounds "11"]
[EventCountry "SVK"]
[SourceTitle "EXT 2015"]
[Source "ChessBase"]
[SourceDate "2014.11.20"]
[SourceVersion "1"]
[SourceVersionDate "2014.11.20"]
[SourceQuality "1"]
[WhiteTeam "Komarno"]
[BlackTeam "Pezinok"]
[WhiteTeamCountry "SVK"]
[BlackTeamCountry "SVK"]

1. d4 d5 2. Bf4 c6 3. e3 Nf6 4. Nd2 Bf5 5. Ngf3 e6 6. Ne5 Nbd7 7. g4 Bg6 8. h4 h6 9. Nxg6 fxg6 10. Bd3 Qa5 11. Bxg6+ Kd8 12. c3 Qb6 13. Rb1 c5 14. Qf3 Bd6 15. g5 Ng8 16. Bf7 Bxf4 17. Qxf4 Ne7 18. g6 Rc8 19. 0-0 e5 20. Qg3 cxd4 21. e4 dxe4 22. Nxe4 Rc6 23. h5 Qa6 24. Rfe1 Nf5 25. Qg4 Nd6 26. Bd5 Nxe4 27. Qxe4 Rf6 28. Bf7 Rf4 29. Qd5 Rg4+ 30. Kh2 Qf6 0-1

[Event "SVK-chT1W 1213"]
[Site "Slovakia"]
[Date "2013.02.24"]
[Round "9.4"]
[White "Bottyan, Peter"]
[Black "Ruckschloss, Karol"]
[Result "0-1"]
[WhiteElo "2262"]
[BlackElo "2242"]
[PlyCount "68"]
[EventDate "2012.10.20"]
[EventType "team-tourn"]
[EventRounds "11"]
[EventCountry "SVK"]
[SourceTitle "EXT 2015"]
[Source "ChessBase"]
[SourceDate "2014.11.20"]
[SourceVersion "1"]
[SourceVersionDate "2014.11.20"]
[SourceQuality "1"]
[WhiteTeam "Komarno"]
[BlackTeam "Bratislava Slovan II"]
[WhiteTeamCountry "SVK"]
[BlackTeamCountry "SVK"]

1. d4 f5 2. Nc3 Nf6 3. Bg5 c6 4. Bxf6 exf6 5. e3 d5 6. Bd3 Bd6 7. Qf3 g6 8. Nge2 Be6 9. h3 h5 10. g4 hxg4 11. hxg4 Rxh1+ 12. Qxh1 fxg4 13. Bxg6+ Kd7 14. e4 Qg8 15. exd5 cxd5 16. Bd3 Nc6 17. 0-0-0 Qg5+ 18. Kb1 Rg8 19. Rg1 Ne7 20. Nb5 Bb8 21. f4 Bxf4 22. c4 g3 23. cxd5 Bxd5 24. Qh3+ Kd8 25. Nbc3 Bd6 26. Nxd5 Qxd5 27. Nc3 Qxd4 28. Rd1 g2 29. Bb5 Qxd1+ 30. Nxd1 f5 31. Qh6 Rg6 32. Qh8+ Kc7 33. Qc3+ Nc6 34. Bxc6 bxc6 0-1

[Event "SVK-chT1W 1213"]
[Site "Slovakia"]
[Date "2012.12.08"]
[Round "3.3"]
[White "Bottyan, Peter"]
[Black "Vass, Frantisek"]
[Result "1-0"]
[WhiteElo "2262"]
[BlackElo "2292"]
[PlyCount "77"]
[EventDate "2012.10.20"]
[EventType "team-tourn"]
[EventRounds "11"]
[EventCountry "SVK"]
[SourceTitle "EXT 2014"]
[Source "ChessBase"]
[SourceDate "2013.11.20"]
[SourceVersion "1"]
[SourceVersionDate "2013.11.20"]
[SourceQuality "1"]
[WhiteTeam "Komarno"]
[BlackTeam "Trnava Lokomotiva"]
[WhiteTeamCountry "SVK"]
[BlackTeamCountry "SVK"]

1. d4 d5 2. Bf4 Nf6 3. e3 Nbd7 4. Nf3 e6 5. Bd3 Be7 6. Nbd2 Nh5 7. Bg3 c5 8. c3 Qb6 9. Rb1 Nxg3 10. hxg3 Nf6 11. Ne5 Bd7 12. Qe2 a6 13. g4 Bb5 14. c4 dxc4 15. Ndxc4 Bxc4 16. Bxc4 cxd4 17. exd4 Qxd4 18. Nxf7 0-0 19. Ng5 Bb4+ 20. Kf1 Kh8 21. Rd1 Qf4 22. Nxe6 Qxg4 23. Nxf8 Rxf8 24. Bd5 Qg5 25. Bf3 Bc5 26. Qc2 b6 27. a3 a5 28. Qd2 Qg6 29. b4 axb4 30. axb4 Be7 31. Re1 Rd8 32. Qc3 Bf8 33. Rh3 Qg5 34. Qc7 Qd2 35. Rd1 Qxd1+ 36. Bxd1 Rxd1+ 37. Ke2 Rd7 38. Qxb6 Nd5 39. Qb8 1-0

[Event "HUN-chT2 Breyer 1213"]
[Site "Hungary"]
[Date "2012.10.07"]
[Round "2.3"]
[White "Bottyan, Peter"]
[Black "Csavajda, Peter"]
[Result "1-0"]
[WhiteElo "2262"]
[BlackElo "1969"]
[PlyCount "93"]
[EventDate "2012.09.16"]
[EventType "team-tourn"]
[EventRounds "11"]
[EventCountry "HUN"]
[SourceTitle "EXT 2014"]
[Source "ChessBase"]
[SourceDate "2013.11.20"]
[SourceVersion "1"]
[SourceVersionDate "2013.11.20"]
[SourceQuality "1"]
[WhiteTeam "Kisber Aszar"]
[BlackTeam "Szechenyi"]
[WhiteTeamCountry "HUN"]
[BlackTeamCountry "HUN"]

1. d4 d5 2. Bf4 e6 3. e3 c5 4. Nf3 Nf6 5. Nbd2 Nc6 6. c3 cxd4 7. exd4 Bd6 8. Bg5 h6 9. Bh4 0-0 10. Bd3 a6 11. 0-0 b5 12. Qe2 Be7 13. Bc2 Nh5 14. Bxe7 Qxe7 15. Ne5 Nxe5 16. dxe5 g6 17. f4 Ng7 18. Rf3 Qc5+ 19. Kh1 Bb7 20. Nb3 Qe7 21. Rh3 Kh7 22. Qd2 h5 23. Nd4 f5 24. Qd3 Kg8 25. Rg3 Kf7 26. Nf3 Rg8 27. Ng5+ Kf8 28. Qd4 Rc8 29. h4 Rc4 30. Qb6 Rc6 31. Qe3 Qc7 32. a4 Ke7 33. axb5 axb5 34. Qd3 Ba6 35. b4 Rc8 36. Ra3 Qb6 37. Nh3 Kf7 38. Ng5+ Kg8 39. Nh3 Kf7 40. Ng5+ Kg8 41. Nf3 Kf7 42. Nd4 Rc4 43. Qd2 Rb8 44. Bd3 Rcc8 45. Qa2 Bb7 46. Bxb5 Ne8 47. Bd7 1-0

[Event "HUN-chT2 Breyer 1213"]
[Site "Hungary"]
[Date "2012.09.16"]
[Round "1.3"]
[White "Bottyan, Peter"]
[Black "Demeter, Tamas"]
[Result "1/2-1/2"]
[WhiteElo "2262"]
[BlackElo "2068"]
[PlyCount "99"]
[EventDate "2012.09.16"]
[EventType "team-tourn"]
[EventRounds "11"]
[EventCountry "HUN"]
[SourceTitle "EXT 2014"]
[Source "ChessBase"]
[SourceDate "2013.11.20"]
[SourceVersion "1"]
[SourceVersionDate "2013.11.20"]
[SourceQuality "1"]
[WhiteTeam "Kisber Aszar"]
[BlackTeam "Gyor Komszomol"]
[WhiteTeamCountry "HUN"]
[BlackTeamCountry "HUN"]

1. d4 c6 2. Nf3 d5 3. Bf4 Bf5 4. e3 Nf6 5. Bd3 Bxd3 6. cxd3 e6 7. 0-0 Bd6 8. Be5 Bxe5 9. dxe5 Nfd7 10. Nc3 0-0 11. b4 f6 12. exf6 Qxf6 13. d4 e5 14. dxe5 Nxe5 15. Nxe5 Qxe5 16. Qd3 Rd8 17. Rfd1 Nd7 18. b5 Nc5 19. Qd2 Rd6 20. bxc6 bxc6 21. Rab1 Rh6 22. h3 Re8 23. Qd4 Qe7 24. Ne2 Ne4 25. Nc3 Nxc3 26. Qxc3 Qg5 27. Rb7 Rg6 28. g4 Qh4 29. Kg2 h5 30. Qc2 Qf6 31. Rd4 Qe6 32. Qa4 c5 33. Rf4 d4 34. Qd7 Qxd7 35. Rxd7 dxe3 36. fxe3 Rxe3 37. Rd8+ Kh7 38. Rff8 Rf6 39. Rh8+ Kg6 40. Rxh5 Re2+ 41. Kg3 Re3+ 42. Kh4 c4 43. Rd7 Rff3 44. Rd6+ Kf7 45. Rf5+ Rxf5 46. gxf5 Ra3 47. Rc6 Rxa2 48. Rxc4 Kf6 49. Kg4 Rg2+ 50. Kf3 1/2-1/2

[Event "SVK-chT2B 1112"]
[Site "Slovakia"]
[Date "2012.02.25"]
[Round "10.3"]
[White "Bottyan, Peter"]
[Black "Debnar, Lubos"]
[Result "1/2-1/2"]
[WhiteElo "2294"]
[BlackElo "2266"]
[PlyCount "42"]
[EventDate "2011.10.08"]
[EventType "team-tourn"]
[EventRounds "11"]
[EventCountry "SVK"]
[SourceTitle "EXT 2013"]
[Source "ChessBase"]
[SourceDate "2012.11.22"]
[SourceVersion "1"]
[SourceVersionDate "2012.11.22"]
[SourceQuality "1"]
[WhiteTeam "Komarno KSC II"]
[BlackTeam "Topolcianky SK"]
[WhiteTeamCountry "SVK"]
[BlackTeamCountry "SVK"]

1. d4 Nf6 2. Bg5 Ne4 3. Bf4 d5 4. f3 Nf6 5. e4 e6 6. e5 Nfd7 7. Be3 c5 8. c3 Qb6 9. Qd2 Nc6 10. f4 Be7 11. Nf3 f5 12. Be2 Qc7 13. 0-0 0-0 14. h3 cxd4 15. cxd4 Nb6 16. b3 Bb4 17. Qd3 Bd7 18. Rc1 Rac8 19. a3 Be7 20. Bd2 Qb8 21. Ra2 a6 1/2-1/2

[Event "HUN-chT2 Charousek 1011"]
[Site "Hungary"]
[Date "2011.04.10"]
[Round "8"]
[White "Ivan, Attila"]
[Black "Bottyan, Peter"]
[Result "0-1"]
[WhiteElo "2268"]
[BlackElo "2245"]
[PlyCount "62"]
[EventDate "2010.09.12"]
[EventType "team-tourn"]
[EventRounds "11"]
[EventCountry "HUN"]
[SourceTitle "EXT 2012"]
[Source "ChessBase"]
[SourceDate "2011.11.24"]
[SourceVersion "1"]
[SourceVersionDate "2011.11.24"]
[SourceQuality "1"]
[WhiteTeam "Pannonpower"]
[BlackTeam "Kisber Aszar"]
[WhiteTeamCountry "HUN"]
[BlackTeamCountry "HUN"]

1. e4 e6 2. d4 d5 3. Nc3 Bb4 4. e5 b6 5. a3 Bf8 6. Be3 Bb7 7. Nh3 Qd7 8. Nf4 Nc6 9. Qg4 0-0-0 10. 0-0-0 g6 11. Bb5 Kb8 12. Qe2 Qc8 13. h4 Nce7 14. Qf3 c5 15. Bf1 Nf5 16. Nce2 f6 17. exf6 Nxf6 18. g4 Nxe3 19. fxe3 Ne4 20. Bh3 g5 21. hxg5 Nxg5 22. Qf1 Bd6 23. Qe1 cxd4 24. exd4 Rhf8 25. Qh4 Rxf4 26. Qxg5 Rf2 27. Rd2 Ba6 28. Qe3 Rdf8 29. Re1 R8f3 30. Qh6 Bxe2 31. Rexe2 Rxe2 0-1